| 000 | 01257cam a2200217 4500 | ||
|---|---|---|---|
| 001 | WB@3612-863 | ||
| 008 | 041104n2004 000 0 eng u | ||
| 035 | _a(Sirsi) u127900 | ||
| 245 | _aHome information packs still undecided | ||
| 260 | _c2004 | ||
| 490 |
_aODPM News Release _v(260) 3 November 2004 (2) |
||
| 520 | _aMandatory Home Information Packs (HIPs) are still on course to be introduced by the government from January 2007. They will be reintroduced to the Housing Bill again in the Commons despite the House of Lords voting to make the packs voluntary. The home buying and selling process is fraught with serious problems and is in urgent need of reform. Government wants HIPs to be compulsory, to be implemented throughout England and Wales, following a six-month dry run and with the requirement that all estate agents marketing homes with HIPs to belong to an approved redress scheme. http://www.odpm.gov.uk/pns/displaypn.cgi?pn_id=200 4_0260 | ||
| 590 | _aWB | ||
| 590 | _aWB | ||
| 650 |
_aRESIDENTIAL PROPERTY _96266 |
||
| 650 | _aHOME INFORMATION PACKS | ||
| 650 | _aPURCHASERS' INFORMATION PACKS | ||
| 650 | _aPROPERTY MARKETING | ||
| 690 | _aVALUATION AND INVESTMENT APPRAISAL-HOMEBUYER SURVEY AND VALUATION | ||
| 942 | _n0 | ||
| 999 |
_c118269 _d118269 |
||